Từ điển Anh Việt Khoảng 65000 từ
Na minha lista:
| Autor Corporativo: | |
|---|---|
| Formato: | Livro |
| Idioma: | Vietnamese English |
| Publicado em: |
H.
Khoa học xã hội
1991
|
| coleção: | Viện khoa học xã hội Việt Nam
|
| Assuntos: | |
| Tags: |
Adicionar Tag
Sem tags, seja o primeiro a adicionar uma tag!
|
| Thư viện lưu trữ: | Mạng thư viện Đại học Đà Nẵng |
|---|
| LEADER | 00816nam a2200289 4500 | ||
|---|---|---|---|
| 001 | 000007194 | ||
| 003 | 3355 | ||
| 005 | 20110927090945.0 | ||
| 008 | 110927s1991 viesd | ||
| 041 | 0 | |a eng |a vie | |
| 082 | |a 423 |b VIÊ | ||
| 110 | |a Viện khoa học xã hội Việt Nam |b Viện ngôn ngữ học | ||
| 245 | 0 | |a Từ điển Anh Việt |b Khoảng 65000 từ | |
| 246 | |a English - Vietnamese Dictionary | ||
| 260 | |a H. |b Khoa học xã hội |c 1991 | ||
| 300 | |a 1959tr. |c 21cm | ||
| 490 | |a Viện khoa học xã hội Việt Nam | ||
| 653 | |a Từ điển | ||
| 653 | |a Anh Việt | ||
| OWN | |a LSP | ||
| 999 | |a From the UDN01 | ||
| TYP | |a Monograph | ||
| TYP | |a Printed language | ||
| 980 | |a Mạng thư viện Đại học Đà Nẵng | ||